| 000 | 01141nas a2200373 4500 | ||
|---|---|---|---|
| 001 | BR0503540 | ||
| 003 | BR-BrBNA | ||
| 005 | 20231205105507.0 | ||
| 007 | ta | ||
| 008 | 230509b bl.|||p| |||| 00| 00por d | ||
| 040 |
_aBR-BrBNA _bpor _cBiblioteca Nacional de Agricultura |
||
| 041 | _a(Pt) | ||
| 072 | _aF03 | ||
| 100 | 1 | _aBertagnolli, C.M. | |
| 100 | 1 | _aCunha, C. dos S.M. | |
| 100 | 1 | _aMenezes, S.M. de | |
| 100 | 1 | _aMoraes, D.M.de | |
| 100 | 1 | _aLopes, N.F. | |
| 100 | 1 | _aAbreu, C.M. | |
| 245 | 1 | _aQualidade fisiológica e composição química de sementes de soja submetidas ao estresse salino | |
| 650 | _aSOJA | ||
| 650 | _aSEMENTE | ||
| 650 | _aTESTE DE VIGOR | ||
| 650 | _aCOMPOSIÇÃO QUÍMICA | ||
| 650 | _aATIVIDADE ENZÍMICA | ||
| 650 | _aQUALIDADE | ||
| 650 | _aFISIOLOGIA VEGETAL | ||
| 650 | _aSALINIDADE | ||
| 650 | _aSTRESS | ||
| 773 | 0 |
_tRevista Brasileira de Agrociência (Brazil) _xISSN 0104-8996 _g(Jul-Sep 2004), v. 10(3) p. 287-291 _wBR0503540 |
|
| 856 | 4 | 0 | _uhttp://www.ufpel.tche.br/faem/agrociencia/v10n3/artigo04.pdf |
| 909 |
_a202311 _bLúcia _c55 _dLúcia Elande |
||
| 942 |
_2AGRIS _n0 _cANA |
||
| 999 |
_c183254 _d183254 |
||